000 00670nam a2200217Ia 4500
003 GCL
008 140319s9999 xx 000 0 ara d
040 _aGCL /
_cGCL
082 0 4 _aق
_b722.2
_bس ت
100 1 _aسيد توفيق
245 1 0 _aتاريخ العمارة فى مصر القديمة: الاقصر /
_cسيد توفيق
300 _a462 ص
490 _aالهيئة العامة للاستعلامات
_v0
650 0 4 _aتاريخ
650 0 4 _aمصر القديمة
650 0 4 _aالاثار الفرعونية
650 0 4 _aعلم المصريات
650 0 4 _aمصر - تاريخ
650 0 4 _aالاقصر - تاريخ
942 _2ddc
_cBK
999 _c49809
_d49809